000 00240nam a22001217a 4500
041 _aENG
100 _aBurt.H.K
245 _aApplied Ctricity
260 _aDelhi
_bCotton
_c1991
300 _a631
650 _aGAE (15)
856 _uGAE (15)
999 _c2987
_d2987